La tierra del señor: Gengis Khan, el poderoso emperador de los mongoles
Guardat en:
| Autor principal: | |
|---|---|
| Format: | Llibre |
| Idioma: | espanyol |
| Publicat: |
Cuernavaca
Maeva Ediciones
2013
Cuernavaca Océano 2013 |
| Edició: | 1a. ed |
| Col·lecció: | Océanoexpres
|
| Matèries: | |
| Etiquetes: |
Afegir etiqueta
Sense etiquetes, Sigues el primer a etiquetar aquest registre!
|
MARC
| LEADER | 00000cam a2200000 a 4500 | ||
|---|---|---|---|
| 001 | UCE9322 | ||
| 003 | CL-VaPUC | ||
| 008 | 151016e20130000mx |||||||||||||||||spa|d | ||
| 020 | |a 9786074006247 | ||
| 082 | 0 | 4 | |a 823 |b CAL |2 21 |
| 100 | 0 | |a Caldwell, Taylor |e author |9 582141 | |
| 245 | 1 | 3 | |a La tierra del señor: Gengis Khan, el poderoso emperador de los mongoles |
| 250 | |a 1a. ed | ||
| 300 | |a 499 p | ||
| 942 | |c BK | ||
| 945 | |d 20151016 11:50:00 |a dcastane | ||
| 260 | |a Cuernavaca |b Maeva Ediciones |c 2013 | ||
| 260 | |a Cuernavaca |b Océano |c 2013 | ||
| 650 | 0 | |a Novelas inglesas |9 265220 | |
| 650 | 0 | |a Novelas históricas |9 342315 | |
| 650 | 0 | |a Literatura inglesa |9 312907 | |
| 583 | |a last modification |c 20151016 11:50:00 |k Rodrigo Vera | ||
| 490 | 0 | |a Océanoexpres | |
| 999 | |c 360991 |d 360989 | ||